Diccionario de Filosofía

Salvato in:
Dettagli Bibliografici
Autore principale: Abbagnano, Nicola
Natura: Libro
Lingua:Undetermined
Pubblicazione: México, Distrito Federal Fondo de Cultura Económica 1993
Edizione:2
Soggetti:
Tags: Aggiungi Tag
Nessun Tag, puoi essere il primo ad aggiungerne!!

MARC

LEADER 00000nam a2200000Ia 4500
008 170316s9999 xx 000 0 und d
040 |a cru BVZT 
090 |a R-413 A-2 FILO 
100 |a Abbagnano, Nicola 
245 |a Diccionario de Filosofía  |c Nicola Abbagnano ; Alfredo N. Galletti, traductor 
250 |a 2 
260 |a México, Distrito Federal 
260 |b Fondo de Cultura Económica 
260 |c 1993 
300 |a xiii, 1206 páginas 
650 0 |a REFERENCIA  |9 27 
650 0 |a DICCIONARIO  |9 28 
650 0 |a FILOSOFÍA  |9 5 
942 |c REF  |2 z 
999 |c 14656  |d 14656